{"text_format":"3","workbook":"xls","n_sheets":3,"sheets":["Sheet1","Sheet2","Sheet3"],"not_rendered":{"external_links":1,"defined_names":1},"read":"whole","date_system":"1900","formulas":"cached_only"}

{"sheet":"Sheet1","index":0,"n_rows":280,"n_cols":10,"rows_kept":280,"merged":[[0,0,0,9]],"flags":["formulas_cached_only"]}
["浙江师范大学行知学院2024年期刊订购单"]
["序号","代码","邮发号","刊名","单价","频率","年价","分类号","核心","备注"]
[1,34600060,"46-6","奥秘(上旬)",{"v":12,"d":"12.00"},12,{"v":144,"d":"144.00"},"N","否"]
[2,20202760,"2-276","百科知识",{"v":12,"d":"12.00"},24,{"v":288,"d":"288.00"},"N","否"]
[3,20205100,"2-510","半月谈",{"v":5.5,"d":"5.50"},24,{"v":132,"d":"132.00"},"D","否"]
[4,34602730,"46-273","包装与设计",{"v":48,"d":"48.00"},6,{"v":288,"d":"288.00"},"T","否"]
[5,20200850,"2-85","北京文学(精彩阅读)",{"v":20,"d":"20.00"},12,{"v":240,"d":"240.00"},"I","是"]
[6,20204660,"2-466","比较教育研究",{"v":18,"d":"18.00"},12,{"v":216,"d":"216.00"},"G","是"]
[7,20208680,"2-868","博览群书",{"v":21,"d":"21.00"},12,{"v":252,"d":"252.00"},"G","否"]
[8,33801910,"38-191","财会通讯(上旬刊·综合版)",{"v":16,"d":"16.00"},12,{"v":192,"d":"192.00"},"F","是"]
[9,35400800,"54-80","财会研究",{"v":10,"d":"10.00"},12,{"v":120,"d":"120.00"},"F","否"]
[10,30403310,"4-331","财经研究",{"v":32,"d":"32.00"},12,{"v":384,"d":"384.00"},"F","是"]
[11,20208450,"2-845","财贸经济",{"v":45,"d":"45.00"},12,{"v":540,"d":"540.00"},"F","是"]
[12,20208810,"2-881","财务与会计:原综合版",{"v":15,"d":"15.00"},24,{"v":360,"d":"360.00"},"F","是"]
[13,28203700,"82-370","传记文学",{"v":25,"d":"25.00"},12,{"v":300,"d":"300.00"},"I","否"]
[14,32801060,"28-106","传媒观察",{"v":10,"d":"10.00"},12,{"v":120,"d":"120.00"},"G","否"]
[15,20206520,"2-652","创意世界:原世界发明",{"v":15,"d":"15.00"},12,{"v":180,"d":"180.00"},"G","否"]
[16,32801900,"28-190","创意与设计",{"v":35,"d":"35.00"},6,{"v":210,"d":"210.00"},"T","否"]
[17,35202740,"52-274","纯粹数学与应用数学",{"v":50,"d":"50.00"},4,{"v":200,"d":"200.00"},"O","否"]
[19,36400610,"64-61","大家",{"v":30,"d":"30.00"},6,{"v":180,"d":"180.00"},"I","否"]
[20,33602800,"36-280","大科技(科学之迷·A版)",{"v":9,"d":"9.00"},12,{"v":108,"d":"108.00"},"N","否"]
[21,34202700,"42-270","大学教育科学",{"v":20,"d":"20.00"},6,{"v":120,"d":"120.00"},"G","是"]
[22,28206920,"82-692","大学图书馆学报",{"v":50,"d":"50.00"},6,{"v":300,"d":"300.00"},"G","是"]
[23,20200230,"2-23","大众电影",{"v":12,"d":"12.00"},12,{"v":144,"d":"144.00"},"J","否"]
[24,30404690,"4-469","大众心理学",{"v":10,"d":"10.00"},12,{"v":120,"d":"120.00"},"B","否"]
[25,30400110,"4-11","大众医学",{"v":15,"d":"15.00"},12,{"v":180,"d":"180.00"},"R","否"]
[26,20201610,"2-161","当代",{"v":25,"d":"25.00"},6,{"v":150,"d":"150.00"},"I","是"]
[27,32401640,"24-164","当代教育科学",{"v":15,"d":"15.00"},12,{"v":180,"d":"180.00"},"G","是"]
[28,34203050,"42-305","当代教育论坛",{"v":12,"d":"12.00"},6,{"v":72,"d":"72.00"},"G","是"]
[29,30403030,"4-303","当代外语研究:原科技英语学习刊号",{"v":20,"d":"20.00"},6,{"v":120,"d":"120.00"},"H","否"]
[30,36201730,"62-173","当代文坛",{"v":20,"d":"20.00"},6,{"v":120,"d":"120.00"},"I","是"]
[31,35200250,"52-25","当代戏剧",{"v":10,"d":"10.00"},6,{"v":60,"d":"60.00"},"J","否"]
[32,32400290,"24-29","当代小说",{"v":7,"d":"7.00"},12,{"v":84,"d":"84.00"},"I","否"]
[33,20205540,"2-554","当代亚太",{"v":40,"d":"40.00"},6,{"v":240,"d":"240.00"},"D","是"]
[34,28206470,"82-647","当代中国史研究",{"v":30,"d":"30.00"},6,{"v":180,"d":"180.00"},"K","否"]
[35,28200210,"82-21","档案学通讯",{"v":30,"d":"30.00"},6,{"v":180,"d":"180.00"},"G","是"]
[36,28208170,"82-817","档案学研究",{"v":35,"d":"35.00"},6,{"v":210,"d":"210.00"},"G","是"]
[37,31800700,"18-70","党史博采(纪实·上半月)",{"v":10,"d":"10.00"},12,{"v":120,"d":"120.00"},"D","否"]
[38,30405210,"4-521","党政论坛",{"v":6,"d":"6.00"},6,{"v":36,"d":"36.00"},"D","否"]
[39,35400820,"54-82","电化教育研究",{"v":15,"d":"15.00"},12,{"v":180,"d":"180.00"},"G","是"]
[40,32601880,"26-188","电脑知识与技术(学术交流):上旬",{"v":35,"d":"35.00"},12,{"v":420,"d":"420.00"},"T","否"]
[41,31802800,"18-280","电影艺术:原2-318",{"v":20,"d":"20.00"},6,{"v":120,"d":"120.00"},"J","是"]
[42,20208890,"2-889","电子技术应用",{"v":35,"d":"35.00"},12,{"v":420,"d":"420.00"},"T","否"]
[43,28205410,"82-541","电子制作(上)",{"v":20,"d":"20.00"},12,{"v":240,"d":"240.00"},"T","否"]
[44,32401250,"24-125","读报参考",{"v":8,"d":"8.00"},36,{"v":288,"d":"288.00"},"G","否"]
[45,34601360,"46-136","读好书:原共鸣",{"v":16,"d":"16.00"},24,{"v":384,"d":"384.00"},"G","否"]
[46,20202750,"2-275","读书",{"v":15,"d":"15.00"},12,{"v":180,"d":"180.00"},"G","否"]
[47,35400170,"54-17","读者",{"v":9,"d":"9.00"},24,{"v":216,"d":"216.00"},"Z","否"]
[48,20208800,"2-880","法律与生活",{"v":17,"d":"17.00"},12,{"v":204,"d":"204.00"},"D","否"]
[49,33800430,"38-43","法商研究",{"v":50,"d":"50.00"},6,{"v":300,"d":"300.00"},"D","是"]
[50,30403420,"4-342","法学",{"v":35,"d":"35.00"},12,{"v":420,"d":"420.00"},"D","是"]
[51,28205680,"82-568","法学家",{"v":40,"d":"40.00"},6,{"v":240,"d":"240.00"},"D","是"]
[52,33801070,"38-107","法学评论",{"v":26,"d":"26.00"},6,{"v":156,"d":"156.00"},"D","是"]
[53,20205280,"2-528","法学研究",{"v":70,"d":"70.00"},6,{"v":420,"d":"420.00"},"D","是"]
[54,20202050,"2-205","法学杂志",{"v":16,"d":"16.00"},6,{"v":96,"d":"96.00"},"D","是"]
[55,31200060,"12-6","分析化学",{"v":80,"d":"80.00"},12,{"v":960,"d":"960.00"},"O","是"]
[56,28004020,"80-402","风景园林(中文版)",{"v":52,"d":"52.00"},12,{"v":624,"d":"624.00"},"T","否"]
[57,34200260,"42-26","芙蓉",{"v":25,"d":"25.00"},6,{"v":150,"d":"150.00"},"I","是"]
[58,20209210,"2-921","服饰与美容_VOGUE",{"v":30,"d":"30.00"},12,{"v":360,"d":"360.00"},"T","否"]
[59,33800730,"38-73","高等教育研究",{"v":20,"d":"20.00"},12,{"v":240,"d":"240.00"},"G","是"]
[60,31200400,"12-40","高等学校化学学报",{"v":120,"d":"120.00"},12,{"v":1440,"d":"1440.00"},"O","是"]
[61,33800920,"38-92","高教发展与评估",{"v":25,"d":"25.00"},6,{"v":150,"d":"150.00"},"G","是"]
[62,34602970,"46-297","高教探索",{"v":30,"d":"30.00"},6,{"v":180,"d":"180.00"},"G","是"]
[63,34202310,"42-231","高校图书馆工作",{"v":20,"d":"20.00"},6,{"v":120,"d":"120.00"},"G","否"]
[64,32402720,"24-272","公共财政研究",{"v":18,"d":"18.00"},6,{"v":108,"d":"108.00"},"F","否"]
[65,32800340,"28-34","古典文学知识",{"v":12,"d":"12.00"},12,{"v":144,"d":"144.00"},"I","否"]
[66,33200640,"32-64","观察与思考",{"v":10,"d":"10.00"},12,{"v":120,"d":"120.00"},"C","否"]
[67,30600890,"6-89","管理科学学报",{"v":60,"d":"60.00"},12,{"v":720,"d":"720.00"},"G","是"]
[68,30402930,"4-293","光学学报",{"v":150,"d":"150.00"},24,{"v":3600,"d":"3600.00"},"O","是"]
[69,30405740,"4-574","国际观察",{"v":20,"d":"20.00"},6,{"v":120,"d":"120.00"},"D","是"]
[70,28209610,"82-961","国际金融研究",{"v":15,"d":"15.00"},12,{"v":180,"d":"180.00"},"F","是"]
[71,28207880,"82-788","国际经济合作",{"v":36,"d":"36.00"},6,{"v":216,"d":"216.00"},"F","是"]
[72,28208080,"82-808","国外理论动态",{"v":25,"d":"25.00"},6,{"v":150,"d":"150.00"},"D","是"]
[73,31800440,"18-44","国外文学",{"v":15,"d":"15.00"},4,{"v":60,"d":"60.00"},"I","是"]
[74,28003870,"80-387","哈佛商业评论",{"v":60,"d":"60.00"},13,{"v":780,"d":"780.00"},"F","否"]
[75,28009580,"80-958","海外文摘(文学版)",{"v":25,"d":"25.00"},12,{"v":300,"d":"300.00"},"Z","否"]
[76,20205160,"2-516","海外文摘(生活版):原上半月",{"v":15,"d":"15.00"},12,{"v":180,"d":"180.00"},"Z","否"]
[77,34800450,"48-45","海外星云",{"v":10,"d":"10.00"},24,{"v":240,"d":"240.00"},"K","否"]
[78,20204100,"2-410","航空知识",{"v":15,"d":"15.00"},12,{"v":180,"d":"180.00"},"V","否"]
[79,37800020,"78-2","红岩",{"v":20,"d":"20.00"},6,{"v":120,"d":"120.00"},"I","否"]
[80,28001390,"80-139","互联网天地",{"v":30,"d":"30.00"},12,{"v":360,"d":"360.00"},"T","否"]
[81,34600920,"46-92","花城",{"v":30,"d":"30.00"},6,{"v":180,"d":"180.00"},"I","是"]
[82,20203700,"2-370","化工学报",{"v":168,"d":"168.00"},12,{"v":2016,"d":"2016.00"},"T","是"]
[83,30402090,"4-209","化学学报",{"v":100,"d":"100.00"},12,{"v":1200,"d":"1200.00"},"O","是"]
[84,28200640,"82-64","环境工程",{"v":50,"d":"50.00"},12,{"v":600,"d":"600.00"},"X","是"]
[85,28204480,"82-448","环境工程学报:原环境污染治理技术与设备",{"v":150,"d":"150.00"},12,{"v":1800,"d":"1800.00"},"X","是"]
[86,20208210,"2-821","环境科学",{"v":180,"d":"180.00"},12,{"v":2160,"d":"2160.00"},"X","是"]
[87,28206250,"82-625","环境科学学报",{"v":160,"d":"160.00"},12,{"v":1920,"d":"1920.00"},"X","是"]
[88,33200150,"32-15","环境污染与防治",{"v":20,"d":"20.00"},12,{"v":240,"d":"240.00"},"X","是"]
[89,37801350,"78-135","环球人文地理:原国家人文地理",{"v":28,"d":"28.00"},12,{"v":336,"d":"336.00"},"K","否"]
[90,28206670,"82-667","环球人物",{"v":20,"d":"20.00"},24,{"v":480,"d":"480.00"},"C","否"]
[91,34600420,"46-42","黄金时代(生力军版上半月)",{"v":10,"d":"10.00"},12,{"v":120,"d":"120.00"},"C","否"]
[92,20208440,"2-844","会计研究",{"v":45,"d":"45.00"},12,{"v":540,"d":"540.00"},"F","是"]
[93,32201270,"22-127","会计之友",{"v":17,"d":"17.00"},24,{"v":408,"d":"408.00"},"F","是"]
[94,20203620,"2-362","机械工程学报",{"v":60,"d":"60.00"},24,{"v":1440,"d":"1440.00"},"T","是"]
[95,30600590,"6-59","机械设计",{"v":20,"d":"20.00"},12,{"v":240,"d":"240.00"},"T","是"]
[96,30400180,"4-18","机械制造",{"v":30,"d":"30.00"},12,{"v":360,"d":"360.00"},"T","否"]
[97,32802910,"28-291","机械制造与自动化",{"v":15,"d":"15.00"},6,{"v":90,"d":"90.00"},"T","否"]
[98,35201270,"52-127","计算机技术与发展",{"v":28,"d":"28.00"},12,{"v":336,"d":"336.00"},"T","否"]
[99,30403790,"4-379","计算机应用与软件",{"v":50,"d":"50.00"},12,{"v":600,"d":"600.00"},"T","是"]
[100,34600230,"46-23","家庭",{"v":9,"d":"9.00"},24,{"v":216,"d":"216.00"},"C","否"]
[101,34601260,"46-126","家庭医生",{"v":8,"d":"8.00"},24,{"v":192,"d":"192.00"},"R","否"]
[102,20207090,"2-709","健康指南",{"v":12.5,"d":"12.50"},12,{"v":150,"d":"150.00"},"R","否"]
[103,33200790,"32-79","江南",{"v":20,"d":"20.00"},6,{"v":120,"d":"120.00"},"I","是"]
[104,34400700,"44-70","教师博览(上旬刊·文摘):原 文摘版 上旬",{"v":8,"d":"8.00"},12,{"v":96,"d":"96.00"},"G","否"]
[105,20204180,"2-418","教师教育研究",{"v":16,"d":"16.00"},6,{"v":96,"d":"96.00"},"G","是"]
[107,31803300,"18-330","教学研究",{"v":25,"d":"25.00"},6,{"v":150,"d":"150.00"},"G","否"]
[108,20202560,"2-256","教学与研究",{"v":35,"d":"35.00"},12,{"v":420,"d":"420.00"},"G","是"]
[109,32205870,"22-587","教育(综合视线)",{"v":18,"d":"18.00"},12,{"v":216,"d":"216.00"},"G","否"]
[110,30405910,"4-591","教育发展研究",{"v":12,"d":"12.00"},24,{"v":288,"d":"288.00"},"G","是"]
[111,33400520,"34-52","教育评论",{"v":9.6,"d":"9.60"},12,{"v":115.2,"d":"115.20"},"G","否"]
[112,31402610,"14-261","教育探索",{"v":12,"d":"12.00"},12,{"v":144,"d":"144.00"},"G","否"]
[113,34602550,"46-255","教育信息技术",{"v":12,"d":"12.00"},12,{"v":144,"d":"144.00"},"G","否"]
[114,20202770,"2-277","教育研究",{"v":35,"d":"35.00"},12,{"v":420,"d":"420.00"},"G","是"]
[115,28204610,"82-461","教育艺术",{"v":8,"d":"8.00"},12,{"v":96,"d":"96.00"},"G","否"]
[116,34601500,"46-150","今日文摘",{"v":7,"d":"7.00"},24,{"v":168,"d":"168.00"},"C","否"]
[117,104912,"Z1675","金融研究:原2-637",{"v":50,"d":"50.00"},12,{"v":600,"d":"600.00"},"F","是"]
[118,20204020,"2-402","金融与保险(F62·复印报刊资料)",{"v":41,"d":"41.00"},12,{"v":492,"d":"492.00"},"F","否"]
[119,33802040,"38-204","经济评论",{"v":30,"d":"30.00"},6,{"v":180,"d":"180.00"},"F","是"]
[120,28009850,"80-985","景观设计学(中英文版)_Landscape Architecture Frontiers",{"v":68,"d":"68.00"},6,{"v":408,"d":"408.00"},"T","否"]
[121,31801710,"18-171","军事文摘",{"v":12,"d":"12.00"},12,{"v":144,"d":"144.00"},"E","否"]
[122,30405780,"4-578","开放教育研究",{"v":15,"d":"15.00"},6,{"v":90,"d":"90.00"},"G","是"]
[123,37400370,"74-37","看天下",{"v":15,"d":"15.00"},35,{"v":525,"d":"525.00"},"C","否"]
[124,20208020,"2-802","科学世界",{"v":30,"d":"30.00"},12,{"v":360,"d":"360.00"},"N","否"]
[126,36200960,"62-96","科幻世界",{"v":12,"d":"12.00"},12,{"v":144,"d":"144.00"},"N","否"]
[127,20202940,"2-294","课程·教材·教法",{"v":28,"d":"28.00"},12,{"v":336,"d":"336.00"},"G","是"]
[128,20205120,"2-512","瞭望(新闻周刊)",{"v":6.8,"d":"6.80"},52,{"v":353.6,"d":"353.60"},"G","否"]
[129,30406540,"4-654","旅游科学",{"v":30,"d":"30.00"},6,{"v":180,"d":"180.00"},"K","是"]
[130,28203960,"82-396","旅游学刊",{"v":60,"d":"60.00"},12,{"v":720,"d":"720.00"},"K","是"]
[131,28206860,"82-686","马克思主义研究",{"v":60,"d":"60.00"},12,{"v":720,"d":"720.00"},"A","是"]
[132,28208210,"82-821","马克思主义与现实",{"v":28,"d":"28.00"},6,{"v":168,"d":"168.00"},"A","是"]
[133,30800160,"8-16","芒种",{"v":15,"d":"15.00"},12,{"v":180,"d":"180.00"},"I","否"]
[134,33600480,"36-48","莽原",{"v":15,"d":"15.00"},6,{"v":90,"d":"90.00"},"I","否"]
[135,33601070,"36-107","美与时代(创意·上旬)",{"v":28,"d":"28.00"},12,{"v":336,"d":"336.00"},"B","否"]
[136,33602620,"36-262","美与时代(美学·下旬)",{"v":28,"d":"28.00"},12,{"v":336,"d":"336.00"},"B","否"]
[137,30400040,"4-4","萌芽",{"v":15,"d":"15.00"},12,{"v":180,"d":"180.00"},"I","否"]
[138,32801270,"28-127","民国档案",{"v":10,"d":"10.00"},4,{"v":40,"d":"40.00"},"G","是"]
[139,33600800,"36-80","名人传记(上半月)",{"v":12,"d":"12.00"},12,{"v":144,"d":"144.00"},"I","否"]
[140,28204680,"82-468","桥牌",{"v":20,"d":"20.00"},12,{"v":240,"d":"240.00"},"G","否"]
[141,32800110,"28-11","青春",{"v":20,"d":"20.00"},12,{"v":240,"d":"240.00"},"I","否"]
[142,33400440,"34-44","青年博览",{"v":8,"d":"8.00"},24,{"v":192,"d":"192.00"},"G","否"]
[143,20208990,"2-899","青年文学",{"v":20,"d":"20.00"},12,{"v":240,"d":"240.00"},"I","否"]
[144,20203010,"2-301","青年文摘",{"v":8,"d":"8.00"},24,{"v":192,"d":"192.00"},"C","否"]
[145,28001040,"80-104","清华大学教育研究",{"v":20,"d":"20.00"},6,{"v":120,"d":"120.00"},"G","是"]
[146,32600300,"26-30","清明",{"v":20,"d":"20.00"},6,{"v":120,"d":"120.00"},"I","否"]
[147,28201530,"82-153","情报学报",{"v":48,"d":"48.00"},12,{"v":576,"d":"576.00"},"G","是"]
[148,31400250,"14-25","求是学刊",{"v":20,"d":"20.00"},6,{"v":120,"d":"120.00"},"C","是"]
[149,30409060,"4-906","全国报刊索引(哲学社会科学版)",{"v":76,"d":"76.00"},12,{"v":912,"d":"912.00"},"Z","否"]
[150,30409090,"4-909","全国报刊索引(自然科学技术版)",{"v":76,"d":"76.00"},12,{"v":912,"d":"912.00"},"N","否"]
[151,20200040,"2-4","人民文学",{"v":20,"d":"20.00"},12,{"v":240,"d":"240.00"},"I","是"]
[152,33600750,"36-75","人文地理",{"v":39,"d":"39.00"},6,{"v":234,"d":"234.00"},"K","是"]
[153,20202030,"2-203","人物",{"v":30,"d":"30.00"},12,{"v":360,"d":"360.00"},"K","否"]
[154,28004660,"80-466","瑞丽服饰美容",{"v":30,"d":"30.00"},12,{"v":360,"d":"360.00"},"G","否"]
[155,28004670,"80-467","瑞丽伊人风尚",{"v":30,"d":"30.00"},12,{"v":360,"d":"360.00"},"G","否"]
[156,28200200,"82-20","三联生活周刊",{"v":15,"d":"15.00"},52,{"v":780,"d":"780.00"},"C","否"]
[157,31800850,"18-85","散文百家",{"v":8,"d":"8.00"},12,{"v":96,"d":"96.00"},"I","否"]
[158,30407930,"4-793","上海体育学院学报",{"v":25,"d":"25.00"},12,{"v":300,"d":"300.00"},"G","是"]
[159,30402190,"4-219","上海文学",{"v":20,"d":"20.00"},12,{"v":240,"d":"240.00"},"I","是"]
[160,28006360,"80-636","设计",{"v":35,"d":"35.00"},24,{"v":840,"d":"840.00"},"T","否"]
[161,20201750,"2-175","摄影世界",{"v":30,"d":"30.00"},12,{"v":360,"d":"360.00"},"J","否"]
[162,28208260,"82-826","神州学人",{"v":19,"d":"19.00"},12,{"v":228,"d":"228.00"},"G","否"]
[163,28002690,"80-269","审计研究",{"v":35,"d":"35.00"},6,{"v":210,"d":"210.00"},"F","是"]
[164,20207020,"2-702","生活与健康",{"v":8,"d":"8.00"},12,{"v":96,"d":"96.00"},"R","否"]
[165,28200130,"82-13","生物工程学报",{"v":120,"d":"120.00"},12,{"v":1440,"d":"1440.00"},"Q","是"]
[166,20202740,"2-274","诗刊",{"v":12,"d":"12.00"},24,{"v":288,"d":"288.00"},"I","否"]
[167,20201630,"2-163","十月",{"v":30,"d":"30.00"},6,{"v":180,"d":"180.00"},"I","是"]
[168,30404660,"4-466","时代建筑",{"v":45,"d":"45.00"},6,{"v":270,"d":"270.00"},"T","否"]
[169,28208200,"82-820","时尚旅游",{"v":30,"d":"30.00"},12,{"v":360,"d":"360.00"},"K","否"]
[170,30408340,"4-834","实验室研究与探索",{"v":26,"d":"26.00"},12,{"v":312,"d":"312.00"},"T","是"]
[171,20203990,"2-399","食品工业科技",{"v":50,"d":"50.00"},24,{"v":1200,"d":"1200.00"},"T","是"]
[172,20206810,"2-681","食品科技",{"v":25,"d":"25.00"},12,{"v":300,"d":"300.00"},"T","是"]
[173,20204390,"2-439","食品科学",{"v":40,"d":"40.00"},24,{"v":960,"d":"960.00"},"T","是"]
[174,20201600,"2-160","世界博览",{"v":12,"d":"12.00"},24,{"v":288,"d":"288.00"},"Z","否"]
[175,28208960,"82-896","世界经济",{"v":50,"d":"50.00"},12,{"v":600,"d":"600.00"},"F","是"]
[176,20200800,"2-80","世界知识",{"v":12,"d":"12.00"},24,{"v":288,"d":"288.00"},"D","否"]
[177,35400110,"54-11","视野",{"v":9,"d":"9.00"},24,{"v":216,"d":"216.00"},"G","否"]
[178,32801410,"28-141","室内设计与装修_id＋c",{"v":42,"d":"42.00"},12,{"v":504,"d":"504.00"},"T","否"]
[179,30400070,"4-7","收获",{"v":40,"d":"40.00"},10,{"v":400,"d":"400.00"},"I","是"]
[180,20203490,"2-349","数码摄影",{"v":38,"d":"38.00"},12,{"v":456,"d":"456.00"},"T","否"]
[181,20205030,"2-503","数学进展",{"v":30,"d":"30.00"},6,{"v":180,"d":"180.00"},"O","是"]
[182,20205020,"2-502","数学学报",{"v":150,"d":"150.00"},6,{"v":900,"d":"900.00"},"O","是"]
[183,31800960,"18-96","思维与智慧(上、下旬)",{"v":7,"d":"7.00"},24,{"v":168,"d":"168.00"},"B","否"]
[184,34600900,"46-90","随笔",{"v":15,"d":"15.00"},6,{"v":90,"d":"90.00"},"I","否"]
[185,30404960,"4-496","探索与争鸣",{"v":38,"d":"38.00"},12,{"v":456,"d":"456.00"},"C","是"]
[186,20204360,"2-436","体育科学",{"v":25,"d":"25.00"},12,{"v":300,"d":"300.00"},"G","是"]
[187,32800510,"28-51","体育与科学",{"v":20,"d":"20.00"},6,{"v":120,"d":"120.00"},"G","是"]
[188,20203520,"2-352","天文爱好者",{"v":22,"d":"22.00"},12,{"v":264,"d":"264.00"},"P","否"]
[189,31401620,"14-162","图书馆建设",{"v":58,"d":"58.00"},6,{"v":348,"d":"348.00"},"G","是"]
[190,37400170,"74-17","图书馆理论与实践",{"v":45,"d":"45.00"},6,{"v":270,"d":"270.00"},"G","否"]
[191,30403320,"4-332","图书馆杂志",{"v":38,"d":"38.00"},12,{"v":456,"d":"456.00"},"G","是"]
[192,30403780,"4-378","外语电化教学",{"v":19,"d":"19.00"},6,{"v":114,"d":"114.00"},"G","是"]
[193,32802790,"28-279","外语研究",{"v":10,"d":"10.00"},6,{"v":60,"d":"60.00"},"H","是"]
[194,20207620,"2-762","围棋天地",{"v":20,"d":"20.00"},24,{"v":480,"d":"480.00"},"G","否"]
[195,20200250,"2-25","文艺研究",{"v":45,"d":"45.00"},12,{"v":540,"d":"540.00"},"I","是"]
[196,32801330,"28-133","无机化学学报",{"v":70,"d":"70.00"},12,{"v":840,"d":"840.00"},"O","是"]
[197,28001020,"80-102","舞台艺术·音乐、舞蹈(J52):复印报刊资料",{"v":22,"d":"22.00"},6,{"v":132,"d":"132.00"},"J","否"]
[198,31200440,"12-44","物理实验",{"v":20,"d":"20.00"},12,{"v":240,"d":"240.00"},"O","是"]
[199,20204250,"2-425","物理学报",{"v":120,"d":"120.00"},24,{"v":2880,"d":"2880.00"},"O","是"]
[200,30402470,"4-247","戏剧艺术:上海戏剧学院学报",{"v":36,"d":"36.00"},6,{"v":216,"d":"216.00"},"J","是"]
[201,20204570,"2-457","戏曲艺术",{"v":12,"d":"12.00"},4,{"v":48,"d":"48.00"},"J","是"]
[202,20203050,"2-305","系统工程理论与实践",{"v":100,"d":"100.00"},12,{"v":1200,"d":"1200.00"},"N","是"]
[203,28206850,"82-685","现代广告",{"v":12,"d":"12.00"},22,{"v":264,"d":"264.00"},"F","否"]
[204,20207360,"2-736","现代教育技术:原教育技术资讯",{"v":15,"d":"15.00"},12,{"v":180,"d":"180.00"},"N","否"]
[205,35201080,"52-108","小说评论",{"v":20,"d":"20.00"},6,{"v":120,"d":"120.00"},"I","是"]
[206,20202100,"2-210","小说选刊",{"v":20,"d":"20.00"},12,{"v":240,"d":"240.00"},"I","否"]
[207,31201150,"12-115","小说月刊",{"v":8,"d":"8.00"},12,{"v":96,"d":"96.00"},"I","否"]
[208,28205820,"82-582","心理与健康(含2期增刊)",{"v":25,"d":"25.00"},14,{"v":410,"d":"410.00"},"R","否"]
[209,20202440,"2-244","新华文摘(大字本)",{"v":19,"d":"19.00"},24,{"v":456,"d":"456.00"},"D","否"]
[210,34602790,"46-279","新周刊",{"v":25,"d":"25.00"},24,{"v":600,"d":"600.00"},"G","否"]
[212,31401660,"14-166","学术交流",{"v":30,"d":"30.00"},12,{"v":360,"d":"360.00"},"C","是"]
[213,31200610,"12-61","演讲与口才(成人版)",{"v":6,"d":"6.00"},24,{"v":144,"d":"144.00"},"H","否"]
[214,28202730,"82-273","艺术与设计",{"v":38,"d":"38.00"},12,{"v":456,"d":"456.00"},"J","否"]
[215,32800520,"28-52","译林",{"v":26,"d":"26.00"},6,{"v":156,"d":"156.00"},"I","否"]
[216,30403070,"4-307","音乐爱好者",{"v":28,"d":"28.00"},12,{"v":336,"d":"336.00"},"J","否"]
[218,20204450,"2-445","英语世界(中英文版)",{"v":16,"d":"16.00"},12,{"v":192,"d":"192.00"},"H","否"]
[219,20208220,"2-822","应用数学学报",{"v":100,"d":"100.00"},6,{"v":600,"d":"600.00"},"O","是"]
[220,33200830,"32-83","幽默大师",{"v":10,"d":"10.00"},12,{"v":120,"d":"120.00"},"J","否"]
[221,20209590,"2-959","悦游",{"v":30,"d":"30.00"},12,{"v":360,"d":"360.00"},"K","否"]
[222,31802750,"18-275","杂文月刊",{"v":16,"d":"16.00"},12,{"v":192,"d":"192.00"},"I","否"]
[223,28204620,"82-462","哲学动态",{"v":50,"d":"50.00"},12,{"v":600,"d":"600.00"},"B","是"]
[224,20202010,"2-201","哲学研究",{"v":50,"d":"50.00"},12,{"v":600,"d":"600.00"},"B","是"]
[225,28201210,"82-121","政法论坛",{"v":60,"d":"60.00"},6,{"v":360,"d":"360.00"},"D","是"]
[226,34400100,"44-10","知识窗",{"v":10,"d":"10.00"},12,{"v":120,"d":"120.00"},"G","否"]
[227,20209370,"2-937","智族",{"v":30,"d":"30.00"},12,{"v":360,"d":"360.00"},"N","否"]
[228,20201070,"2-107","中国电化教育",{"v":15,"d":"15.00"},12,{"v":180,"d":"180.00"},"G","是"]
[229,20205440,"2-544","中国法学",{"v":80,"d":"80.00"},6,{"v":480,"d":"480.00"},"D","是"]
[230,20202680,"2-268","中国高等教育",{"v":20,"d":"20.00"},24,{"v":480,"d":"480.00"},"G","是"]
[231,28200500,"82-50","中国管理科学",{"v":80,"d":"80.00"},12,{"v":960,"d":"960.00"},"G","是"]
[232,30402010,"4-201","中国激光",{"v":150,"d":"150.00"},24,{"v":3600,"d":"3600.00"},"T","是"]
[233,28002000,"80-200","中国科学·数学",{"v":200,"d":"200.00"},12,{"v":2400,"d":"2400.00"},"O","是"]
[234,20201380,"2-138","中国农业科学",{"v":49.5,"d":"49.50"},24,{"v":1188,"d":"1188.00"},"S","是"]
[235,28204500,"82-450","中国食品卫生杂志",{"v":40,"d":"40.00"},12,{"v":480,"d":"480.00"},"R","是"]
[236,36400390,"64-39","中国食用菌",{"v":20,"d":"20.00"},12,{"v":240,"d":"240.00"},"Q","否"]
[237,28208190,"82-819","中国特色社会主义研究",{"v":10,"d":"10.00"},6,{"v":60,"d":"60.00"},"D","是"]
[238,28206840,"82-684","中国体育科技",{"v":25,"d":"25.00"},12,{"v":300,"d":"300.00"},"G","是"]
[239,20204080,"2-408","中国图书馆学报",{"v":32,"d":"32.00"},6,{"v":192,"d":"192.00"},"G","是"]
[240,30800460,"8-46","中国图书评论",{"v":15,"d":"15.00"},12,{"v":180,"d":"180.00"},"G","否"]
[241,20200460,"2-46","中国语文",{"v":40,"d":"40.00"},6,{"v":240,"d":"240.00"},"H","是"]
[242,33200930,"32-93","中国篆刻·钢笔书法:原中国钢笔书法",{"v":20,"d":"20.00"},12,{"v":240,"d":"240.00"},"J","否"]
[243,20205450,"2-545","中国作家(文学版)",{"v":25,"d":"25.00"},12,{"v":300,"d":"300.00"},"I","否"]
[244,33400230,"34-23","中篇小说选刊",{"v":23,"d":"23.00"},6,{"v":138,"d":"138.00"},"I","否"]
[245,20202040,"2-204","中外法学",{"v":60,"d":"60.00"},6,{"v":360,"d":"360.00"},"D","是"]
[246,30405280,"4-528","中外书摘",{"v":15,"d":"15.00"},12,{"v":180,"d":"180.00"},"Z","否"]
[247,28206190,"82-619","中外文摘",{"v":10,"d":"10.00"},24,{"v":240,"d":"240.00"},"C","否"]
[248,32800030,"28-3","钟山",{"v":30,"d":"30.00"},6,{"v":180,"d":"180.00"},"I","否"]
[249,20203460,"2-346","装饰",{"v":30,"d":"30.00"},12,{"v":360,"d":"360.00"},"J","是"]
[250,20208690,"2-869","啄木鸟",{"v":15,"d":"15.00"},12,{"v":180,"d":"180.00"},"I","否"]
[251,20203000,"2-300","纵横",{"v":12,"d":"12.00"},12,{"v":144,"d":"144.00"},"K","否"]
[252,20203140,"2-314","作品与争鸣",{"v":15,"d":"15.00"},12,{"v":180,"d":"180.00"},"I","否"]
[253,20208330,"2-833","计算机学报",{"v":73,"d":"73.00"},12,{"v":876,"d":"876.00"},"T","是"]
[254,20208910,"2-891","电子学报",{"v":120,"d":"120.00"},12,{"v":1440,"d":"1440.00"},"T","是"]
[255,28204170,"82-417","网络安全与数据治理:原信息技术与网络安全原微型机与应用",{"v":30,"d":"30.00"},12,{"v":360,"d":"360.00"},"T","否"]
[256,34601170,"46-117","南风窗",{"v":18,"d":"18.00"},26,{"v":468,"d":"468.00"},"G","否","新增"]
[257,28201660,"82-166","大学生",{"v":16,"d":"16.00"},12,{"v":192,"d":"192.00"},"G","否","新增"]
[258,34601510,"46-151","看世界",{"v":18,"d":"18.00"},26,{"v":468,"d":"468.00"},"C","否","新增"]
[259,35202510,"52-251","时代人物",{"v":50,"d":"50.00"},36,{"v":1800,"d":"1800.00"},"C","否","新增"]
[260,108166,"Z5054","di设计新潮:原4-882原出色·设计新潮",{"v":40,"d":"40.00"},2,{"v":80,"d":"80.00"},"T","否","新增"]
[262,20200100,"2-10","中华儿女",{"v":45,"d":"45.00"},12,{"v":540,"d":"540.00"},"C","否","新增"]
[263,20200410,"2-41","信息安全研究（中文版）",{"v":38,"d":"38.00"},12,{"v":456,"d":"456.00"},"T","否","新增"]
[264,20200990,"2-99","网络安全和信息化:原:网络运维与管理；原:网管员世界",{"v":25,"d":"25.00"},12,{"v":300,"d":"300.00"},"T","否","新增"]
[265,20207410,"2-741","网络安全技术与应用",{"v":30,"d":"30.00"},12,{"v":360,"d":"360.00"},"T","否","新增"]
[266,30405160,"4-516","书城",{"v":15,"d":"15.00"},12,{"v":180,"d":"180.00"},"G","否","新增"]
[267,30405570,"4-557","世纪",{"v":15,"d":"15.00"},6,{"v":90,"d":"90.00"},"G","否","新增"]
[268,32803190,"28-319","读天下",{"v":12,"d":"12.00"},12,{"v":144,"d":"144.00"},"I","否","新增"]
[269,33200120,"32-12","养生月刊",{"v":5,"d":"5.00"},12,{"v":60,"d":"60.00"},"R","否","新增"]
[270,33200430,"32-43","健康博览",{"v":12,"d":"12.00"},12,{"v":144,"d":"144.00"},"R","否","新增"]
[271,33202610,"32-261","音乐文化研究",{"v":15,"d":"15.00"},4,{"v":60,"d":"60.00"},"G","否","新增"]
[272,33803500,"38-350","特别关注",{"v":10,"d":"10.00"},12,{"v":120,"d":"120.00"},"G","否","新增"]
[273,34200360,"42-36","求索",{"v":10,"d":"10.00"},6,{"v":60,"d":"60.00"},"C","是","新增"]
[274,34201130,"42-113","电脑与信息技术",{"v":15,"d":"15.00"},6,{"v":90,"d":"90.00"},"T","否","新增"]
[275,34201250,"42-125","外语与翻译",{"v":12,"d":"12.00"},4,{"v":48,"d":"48.00"},"H","否","新增"]
[276,34201500,"42-150","书屋",{"v":10,"d":"10.00"},12,{"v":120,"d":"120.00"},"G","否","新增"]
[277,34201730,"42-173","现代大学教育",{"v":15,"d":"15.00"},6,{"v":90,"d":"90.00"},"G","是","新增"]
[278,34202540,"42-254","艺海",{"v":15,"d":"15.00"},12,{"v":180,"d":"180.00"},"J","否","新增"]
[279,34203740,"42-374","创新与创业教育",{"v":25,"d":"25.00"},6,{"v":150,"d":"150.00"},"G","否","新增"]
[280,34601620,"46-162","青年探索",{"v":18,"d":"18.00"},6,{"v":108,"d":"108.00"},"D","否","新增"]
[281,34601960,"46-196","现代装饰",{"v":49,"d":"49.00"},6,{"v":294,"d":"294.00"},"T","否","新增"]
[282,34603790,"46-379","理想家",{"v":50,"d":"50.00"},12,{"v":600,"d":"600.00"},"G","否","新增"]
[283,34800210,"48-21","大学教育:原大学教育上半月",{"v":25,"d":"25.00"},12,{"v":300,"d":"300.00"},"G","否","新增"]
[{"$nulls":3},"中国机械工程2014半月刊（黄皮）"]

{"sheet":"Sheet2","index":1,"n_rows":0,"n_cols":0,"rows_kept":0,"flags":["formulas_cached_only"]}

{"sheet":"Sheet3","index":2,"n_rows":0,"n_cols":0,"rows_kept":0,"flags":["formulas_cached_only"]}